| 000 | 01079 a2200289 4500 | ||
|---|---|---|---|
| 020 | _a0852974515 | ||
| 020 | _a9780852974513 | ||
| 090 |
_c188 _d188 |
||
| 100 | 1 | _aBankers, Chartered Institute of. | |
| 245 | 1 | 0 |
_aCredit risk management : _bmeasuring credit risk / _cChartered Institute of Bankers. |
| 260 |
_a[S.l.] : _bChartered Institute of Bankers, _c1998. |
||
| 300 |
_a180 p. ; _c24 cm. |
||
| 490 | 1 | _aRisk management series: credit risk management. | |
| 500 | _aPaperback. | ||
| 650 | 4 | _aFinance & Accounting. | |
| 650 | 4 | _aCredit & credit institutions. | |
| 650 | 4 | _aManagement decision making. | |
| 650 | 4 | _aReference works. | |
| 650 | 4 | _aBusiness / Economics / Finance. | |
| 650 | 4 | _aBusiness & Economics / Finance. | |
| 650 | 4 | _aFinance. | |
| 650 | 4 | _aManagement. | |
| 830 | 0 | _aRisk management series: credit risk management. | |
| 856 | 4 | 0 |
_3Amazon.com _uhttp://www.amazon.com/exec/obidos/ASIN/0852974515/chopaconline-20 |
| 856 | 4 | 0 |
_3Amazon customer reviews _uhttp://www.chopac.org/cgi-bin/tools/azrev.pl?q=0852974515 |
| 942 |
_aNBS _cBK _k658.15 COY |
||
| 999 |
_c342762 _d342762 |
||